000 00507nam a2200193Ia 4500
003 LK-CoDNM
005 20241203102703.0
008 010623t1987 xxu||||| |||| 00| 1 sin d
040 _aLK-CoDNM
_dLK-CoDNM
_eLK-CoDNM
041 _asin
080 _a294.341(14)
_bMED
100 _aMedalankara Thero,Dikwelle.
245 _aපටිච්ච සමුප්පාද 1
246 _aPatichcha Samuppada-1
260 _bSrideevi
_c1987
300 _b30p. ; 18 cm
650 _aBUDDHISM
942 _cBK
999 _c113692
_d113692